Biggest New Zealand Cities A to Z - Statistics

General Stats
  • This quiz has been taken 708 times
  • The average score is 12 of 21
Answer Stats
letter population town / city % Correct
A 1,524,000 Auckland
100%
C 403,000 Christchurch
95%
W 212,000 Wellington
94%
D 119,000 Dunedin
90%
H 191,000 Hamilton
86%
Q 24,000 Queenstown
74%
R 63,000 Rotorua
72%
I 50,000 Invercargill
69%
T 163,000 Tauranga
69%
N 70,000 Nelson
68%
G 37,000 Gisborne
65%
P 86,000 Palmerston North
65%
B 32,000 Blenheim
58%
O 14,000 Oamaru
44%
M 22,000 Masterton
35%
L 112,000 Lower Hutt
33%
F 18,000 Feilding
30%
K 8000 Kerikeri
15%
U 45,000 Upper Hutt
15%
S 6000 Stratford
12%
E 2000 Eltham
11%
No matching quizzes found
Score Distribution
Percent of People with Each Score
Percentile by Number Answered
Your Score History
You have not taken this quiz